<?xml version="1.0" encoding="UTF-8"?>
<record
    xmlns:xsi="http://www.w3.org/2001/XMLSchema-instance"
    xsi:schemaLocation="http://www.loc.gov/MARC21/slim http://www.loc.gov/standards/marcxml/schema/MARC21slim.xsd"
    xmlns="http://www.loc.gov/MARC21/slim">

  <leader>00678nam a22001937a 4500</leader>
  <controlfield tag="003">NUST-PNEC</controlfield>
  <controlfield tag="005">20170116180712.0</controlfield>
  <controlfield tag="008">141015b        xxu||||| |||| 00| 0 eng d</controlfield>
  <datafield tag="020" ind1=" " ind2=" ">
    <subfield code="a">0871703793</subfield>
  </datafield>
  <datafield tag="040" ind1=" " ind2=" ">
    <subfield code="c">PNEC</subfield>
  </datafield>
  <datafield tag="082" ind1=" " ind2=" ">
    <subfield code="a">621.4022 ASM</subfield>
  </datafield>
  <datafield tag="100" ind1=" " ind2=" ">
    <subfield code="9">596</subfield>
    <subfield code="a">ASM International</subfield>
  </datafield>
  <datafield tag="245" ind1=" " ind2=" ">
    <subfield code="a">ASM handbook. Volume 4, Heat treating</subfield>
    <subfield code="b">ASM International. Handbook Committee</subfield>
  </datafield>
  <datafield tag="260" ind1=" " ind2=" ">
    <subfield code="a">Materials Park, OH : </subfield>
    <subfield code="b">ASM International, </subfield>
    <subfield code="c">&#xA9;1991.</subfield>
  </datafield>
  <datafield tag="300" ind1=" " ind2=" ">
    <subfield code="a"> xiii, 1012 p. :</subfield>
    <subfield code="b">ill. :</subfield>
    <subfield code="c">28 cm.</subfield>
  </datafield>
  <datafield tag="500" ind1=" " ind2=" ">
    <subfield code="a">http://www.amazon.com/ASM-Handbook-Heat-Treating-Asm/dp/0871703793/ref=sr_1_1?s=books&amp;ie=UTF8&amp;qid=1413355365&amp;sr=1-1&amp;keywords=0871703793</subfield>
  </datafield>
  <datafield tag="650" ind1=" " ind2=" ">
    <subfield code="x">ME</subfield>
  </datafield>
  <datafield tag="942" ind1=" " ind2=" ">
    <subfield code="2">ddc</subfield>
    <subfield code="c">BK</subfield>
  </datafield>
  <datafield tag="999" ind1=" " ind2=" ">
    <subfield code="c">61027</subfield>
    <subfield code="d">61027</subfield>
  </datafield>
  <datafield tag="952" ind1=" " ind2=" ">
    <subfield code="0">0</subfield>
    <subfield code="1">0</subfield>
    <subfield code="2">ddc</subfield>
    <subfield code="4">0</subfield>
    <subfield code="7">0</subfield>
    <subfield code="a">PNEC</subfield>
    <subfield code="b">PNEC</subfield>
    <subfield code="c">REF</subfield>
    <subfield code="d">1992-10-19</subfield>
    <subfield code="e">Progressive International Agency</subfield>
    <subfield code="g">300.00</subfield>
    <subfield code="l">0</subfield>
    <subfield code="o">621.4022 ASM</subfield>
    <subfield code="p">PNECLIB-016785</subfield>
    <subfield code="r">2014-10-15</subfield>
    <subfield code="v">300.00</subfield>
    <subfield code="w">1992-10-19</subfield>
    <subfield code="y">BK</subfield>
  </datafield>
</record>
